| Tag |
First Indicator |
Second Indicator |
Subfields |
| LEADER |
00000nam a2200000Ia 4500 |
| 001 |
in00004176113 |
| 005 |
20200807084019.0 |
| 006 |
m g d |
| 007 |
cr bn |||a|bb| |
| 008 |
990222s1563 enk o 00| | eng d |
| 035 |
|
|
|a (UnM)99900589
|
| 037 |
|
|
|a CL0036000066
|b ProQuest. 789 E. Eisenhower Parkway, Ann Arbor, MI 48108-3218
|
| 040 |
|
|
|a Cu-RivES
|c Cu-RivES
|e dcrb
|d WaOLN
|
| 130 |
0 |
|
|a Certain sermons or homilies appointed to be read in churches.
|p Book 2.
|
| 245 |
1 |
4 |
|a The seconde tome of homilies :
|b of suche matters as vvere promised and intituled in the former part of homilies, set out by the aucthoritie of the Queenes Maiestie. And to be read in euery parishe church agreablie.
|
| 260 |
|
|
|a [Imprinted at London :
|b in Paules Church yarde by Richard Jugge and John Cawood, printers to the Queenes Maiestie],
|c 1563.
|
| 300 |
|
|
|a 1 online resource ([2], 276 leaves
|
| 336 |
|
|
|a text
|b txt
|2 rdacontent
|
| 337 |
|
|
|a computer
|b c
|2 rdamedia
|
| 338 |
|
|
|a online resource
|b cr
|2 rdacarrier
|
| 500 |
|
|
|a Probably compiled by John Jewel.
|
| 500 |
|
|
|a Printers' names and address from colophon.
|
| 500 |
|
|
|a This edition ends on 3M6.
|
| 500 |
|
|
|a Reproduction of original in the Folger Shakespeare Library.
|
| 510 |
4 |
|
|a STC (2nd edition)
|c 13666.7
|
| 533 |
|
|
|a Electronic reproduction.
|b Ann Arbor, Mich. :
|c UMI,
|d 1999-
|f (Early English books online)
|n Digital version of: (Early English books, 1475-1640 ; 2066:6)
|7 s1999 miun s
|
| 610 |
2 |
0 |
|a Church of England
|v Sermons
|v Early works to 1800.
|
| 650 |
|
0 |
|a Sermons, English
|y 16th century.
|
| 700 |
1 |
|
|a Jewel, John,
|d 1522-1571.
|
| 710 |
2 |
|
|a Church of England.
|
| 830 |
|
0 |
|a Early English books online.
|
| 856 |
4 |
0 |
|u http://proxy.library.tamu.edu/login?url=https://search.proquest.com/docview/2240874155
|z Connect to the full text of this electronic book
|t 0
|
| 999 |
f |
f |
|s e589a6a3-f8ba-3dd5-a08e-5da038a7817d
|i df5a3368-d3e0-31b1-a678-dc24d3bc5171
|t 0
|
| 952 |
f |
f |
|a Texas A&M University
|b College Station
|c Electronic Resources
|d Available Online
|t 0
|h No information provided
|
| 998 |
f |
f |
|t 0
|l Available Online
|